zpět

Detail výsledku týmu

A-Sport, Hradec Králové

Datum a čas kvízu

44 Celkem bodů Celkový počet nahraných bodů na tomto kvízu bez doplňovacích otázek.
1. Pořadí na kvízu Konečné umístění týmu na tomto kvízu.

Zaznamenané odpovědi

# Otázka Odpověď Body Výsledky
1. Dle rozhodnutí soudu z minuléh... Tomio Okamura 1
2. Slovenská policie minulý týden... Robert Fico, Robert Kaliňák 1
3. Společnost Mattel vydala u pří... královna Alžběta II. 1
4. Jedna z českých nápojářských z... Kofola 1
5. Která bývalá úspěšná sportovky... Maria Šarapovová 1
6. Tímto tématem navazujeme v naš... B 1
7. Na lícní straně dvacetikoruny... zahynout nám i budoucím 1
8. V loňském roce oslavila své dv... Met Gala 1
9. Nyní se podíváme do periodické... vápník 0
10. Dne 13. prosince roku 1920 zal... Haribo 1